000 00789nam a2200313Ia 4500
005 20251020182455.0
008 200515s9999 xx 000 0 und d
020 _a84-283-1538-8
082 _a624.0148/N79/2
100 _aNonnast, Robert
245 0 _aEl Proyectista de Estructuras Metálicas 2
250 _a12a ed.
260 _aMadrid
260 _bParaninfo
260 _c1999
300 _a536 p.
300 _btbl., graf.
500 _a1 ejemplar. Tomo 2
650 _aCASTILLETES DEL TENDIDO ELECTRICO
650 _aGRUAS MENSULA
650 _aGRUAS PORTICO
650 _aMASTILES DE BANDERAS
650 _aNAVES PORTICO
650 _aPLUMAS DE ELEVACION
650 _aVIGAS CALADAS
650 _aVIGAS CONTINUAS GERBER
942 _cLIB
999 _c985
_d985